Vybrané ekonomické ukazovatele a zamestnanci v poľnohospodárstve za SR 1. polrok 2005

Uložené v:
Podrobná bibliografia
Médium: Kniha
Jazyk:Slovak
Vydavateľské údaje: Bratislava Štatistický úrad Slovenskej republiky 2005
Edícia:Pôdohospodárstvo a životné prostredie
Tagy: Pridať tag
Žiadne tagy, Buďte prvý, kto otaguje tento záznam!

MARC

LEADER 00000nam a2200000 4500
001 0035988
005 20260220082732.9
041 0 |a slo 
044 |a SK 
245 1 0 |a Vybrané ekonomické ukazovatele a zamestnanci v poľnohospodárstve za SR 1. polrok 2005 
264 1 |a Bratislava  |b Štatistický úrad Slovenskej republiky  |c 2005 
300 |a 11 s. 
490 1 |a Pôdohospodárstvo a životné prostredie 
830 0 |a Pôdohospodárstvo a životné prostredie